Statistics for Country Names in the 1920s

Click here to take the quiz!

General Stats

  • This quiz has been taken 40 times
  • The average score is 5 of 10

Answer Stats

QuestionAnswer% Correct
What was the name of Yugoslavia before "Kingdom of Yugoslavia"?Kingdom of Serbs, Croats and Slovenes
91%
Which country changed its name from "Kingdom of ..." to "Hellenic Republic" in 1924?Greece
85%
"Kingdom of Hejaz and Nejd" of the late 1920s is today's:Saudi Arabia
85%
The autonomous city of Danzig official name was:Free City of Danzig
76%
What was the name of Ireland in the 1920s (in English)?Irish Free State
76%
Which country's name was not "Kingdom of..." in the 1920s?Haiti
41%
What was the name of Turkey before November 1, 1922? (i.e. official name of the Ottoman Empire)Sublime Ottoman State
35%
Which country's name was not "Kingdom of..." in the 1920s?Portugal
32%
What was the official name of Germany in the 1920s?German Reich (Deutsches Reich)
12%
Which country made a change in its name in 1927?United Kingdom
9%

Score Distribution

Percentile by Number Answered

Percent of People with Each Score

Your Score History

You have not taken this quiz